Państwa z literą ,,e'' w nazwie - Statystyki

Ogólne statystyki
  • Ten quiz został rozwiązany 324 razy
  • Średni wynik to 57 z 74
Statystyki odpowiedzi
Odpowiedź % Poprawnych
Estonia
94%
Wielka Brytania
91%
Czechy
89%
Szwecja
89%
Azerbejdżan
88%
Niemcy
88%
Serbia
88%
Belgia
87%
Egipt
87%
Stany Zjednoczone
87%
Argentyna
86%
Zjednoczone Emiraty Arabskie
86%
Armenia
85%
Erytrea
85%
Peru
85%
Republika Południowej Afryki
85%
Korea Północna
84%
Korea Południowa
84%
Meksyk
84%
Niger
84%
Nigeria
84%
Wenezuela
84%
Belize
83%
Ekwador
83%
Grecja
83%
Indie
83%
Jemen
83%
Słowenia
83%
Etiopia
81%
Gwinea
81%
Indonezja
81%
Liechtenstein
81%
Norwegia
81%
Nowa Zelandia
81%
Algieria
80%
Chile
80%
Eswatini
80%
Seszele
79%
Malezja
78%
Wietnam
78%
Gwinea Bissau
77%
Gwinea Równikowa
77%
Izrael
76%
Kenia
76%
Luksemburg
75%
Senegal
75%
Turkmenistan
75%
Bośnia i Harcegowina
74%
Malediwy
74%
Republika Zielonego Przylądka
74%
Zimbabwe
74%
Benin
73%
Macedonia Północna
72%
Republika Środkowoafrykańska
72%
Uzbekistan
72%
Wybrzeże Kości Słoniowej
72%
Liberia
71%
Grenada
70%
Papua-Nowa Gwinea
69%
Saint Vincent i Grenadyny
69%
Sierra Leone
69%
Demokratyczna Republika Konga
68%
Gwatemala
67%
Lesotho
66%
Saint Kitts i Levis
66%
Tunezja
66%
Mikronezja
65%
Nepal
64%
Kamerun
63%
Bangladesz
62%
Kuwejt
60%
Wyspy Świętego Tomasza i Książęca
59%
Brunei
58%
Mauretania
58%
Nie znaleziono quizów pasujących do podanych kryteriów
Rozkład punktacji
Procent ludzi z każdym wynikiem
Percentyl według liczby udzielonych odpowiedzi
Twoja historia wyników
Nie rozwiązałeś tego quizu